[Event "Werther Schloss op 28th"]
[Site "Werther"]
[Date "2025.04.12"]
[Round "4"]
[White "Stadler, Andreas"]
[Black "Adiyaman, Rene"]
[Result "0-1"]
[WhiteElo "2003"]
[BlackElo "2111"]
[PlyCount "128"]
[EventDate "2025.04.10"]
[EventType "swiss"]
[EventRounds "7"]
[EventCountry "GER"]
[SourceTitle "CB16_2025"]
[SourceDate "2025.04.16"]
[SourceVersion "1"]
[SourceVersionDate "2025.04.16"]
[SourceQuality "1"]

1. c4 Nf6 2. Nc3 g6 3. g3 Bg7 4. Bg2 c5 5. e4 d6 6. Nge2 Nc6 7. d3 h5 8. h3 h4 9. g4 e5 10. f4 Nxg4 11. hxg4 Bxg4 12. Bh3 Qd7 13. Bxg4 Qxg4 14. Be3 exf4 15. Nxf4 Qg3+ 16. Kd2 Ne5 17. Rh3 Qg4 18. Qh1 Qd7 19. Rf1 g5 20. Nfd5 Qd8 21. Rf5 g4 22. Bg5 Bh6 23. Bxh6 Rxh6 24. Re3 a6 25. Kc2 Kd7 26. Ne2 b5 27. b3 Qa5 28. Nec3 Rf8 29. Qf1 h3 30. Rf6 Rxf6 31. Qxf6 Qd8 32. Qf5+ Kc6 33. Qf2 Rh8 34. Re1 Nf3 35. cxb5+ axb5 36. Ne2 Qg5 37. Ng3 h2 38. Rh1 Qe5 39. Ne3 Qf4 40. Kd1 Rh3 41. Nef5 Qe5 42. Kc2 b4 43. Ne2 d5 44. exd5+ Kb5 45. Neg3 Qc3+ 46. Kd1 Qxd3+ 47. Kc1 Qc3+ 48. Qc2 Qa1+ 49. Qb1 Qc3+ 50. Qc2 Rxg3 51. Nxg3 Qe3+ 52. Kb2 Qe5+ 53. Kc1 Qxg3 54. Qf5 Qg1+ 55. Kb2 Qd4+ 56. Kb1 Nd2+ 57. Kc2 Qc3+ 58. Kd1 Qf3+ 59. Qxf3 Nxf3 60. Ke2 Kb6 61. Kf2 Kc7 62. Kg3 f5 63. Rd1 Kd6 64. Kg2 f4 0-1

[Event "Werther Schloss op 28th"]
[Site "Werther"]
[Date "2025.04.10"]
[Round "1"]
[White "Gulatz, Maurice"]
[Black "Stadler, Andreas"]
[Result "1-0"]
[WhiteElo "2214"]
[BlackElo "2003"]
[PlyCount "56"]
[EventDate "2025.04.10"]
[EventType "swiss"]
[EventRounds "7"]
[EventCountry "GER"]
[SourceTitle "CB16_2025"]
[SourceDate "2025.04.16"]
[SourceVersion "1"]
[SourceVersionDate "2025.04.16"]
[SourceQuality "1"]

1. e4 e5 2. Nf3 Nc6 3. Bc4 Nf6 4. Ng5 d5 5. exd5 Na5 6. Bb5+ c6 7. dxc6 bxc6 8. Qf3 h6 9. Ne4 cxb5 10. Nxf6+ gxf6 11. Qxa8 Qd7 12. Qf3 Rg8 13. d3 Bb7 14. Qe2 Rxg2 15. Be3 Nc6 16. c3 b4 17. Nd2 f5 18. Nb3 bxc3 19. bxc3 Qd5 20. 0-0-0 Na5 21. Qc2 Nc6 22. Kb1 f4 23. Bc1 Qf3 24. Rhf1 Rxh2 25. d4 Nb4 26. Qd2 Be4+ 27. Kb2 Nc2 28. Nc5 Bd5 1-0

[Event "Werther Schloss op 26th"]
[Site "Werther"]
[Date "2023.03.31"]
[Round "2"]
[White "Fuellgrabe, Thomas"]
[Black "Stadler, Andreas"]
[Result "1-0"]
[WhiteElo "2207"]
[BlackElo "1995"]
[PlyCount "43"]
[EventDate "2023.03.30"]
[EventType "swiss"]
[EventRounds "7"]
[EventCountry "GER"]
[SourceTitle "CBM 213 Extra"]
[Source "ChessBase"]
[SourceDate "2023.05.31"]
[SourceVersion "1"]
[SourceVersionDate "2023.05.31"]
[SourceQuality "1"]

1. e4 e6 2. d4 d5 3. e5 c5 4. c3 Nc6 5. Nf3 Bd7 6. Be2 Qc7 7. 0-0 0-0-0 8. Re1 f6 9. Bf1 Be7 10. Na3 h6 11. Nb5 Qb6 12. a4 c4 13. b3 cxb3 14. Qxb3 Na5 15. Qa2 a6 16. exf6 Nxf6 17. Bf4 axb5 18. axb5 Ne4 19. Qxa5 Qxa5 20. Rxa5 Bd6 21. Bxd6 Nxd6 22. b6 1-0

[Event "Oberliga Bayern 2223"]
[Site "Germany"]
[Date "2022.10.09"]
[Round "1.7"]
[White "Willim, Michael"]
[Black "Stadler, Andreas"]
[Result "0-1"]
[WhiteElo "2105"]
[BlackElo "1982"]
[PlyCount "70"]
[EventDate "2022.10.09"]
[EventType "team-tourn"]
[EventRounds "9"]
[EventCountry "GER"]
[SourceTitle "EXT 2025"]
[Source "ChessBase"]
[SourceDate "2024.10.14"]
[SourceVersion "1"]
[SourceVersionDate "2024.10.14"]
[SourceQuality "1"]
[WhiteTeam "Erlangen"]
[BlackTeam "Muenchen Suedost"]
[WhiteTeamCountry "GER"]
[BlackTeamCountry "GER"]

1. d4 d5 2. c4 c6 3. Nc3 Nf6 4. e3 e6 5. Nf3 Bd6 6. Be2 Nbd7 7. 0-0 0-0 8. b3 b6 9. Bb2 Bb7 10. Rc1 Qe7 11. Re1 Rac8 12. Bd3 Rfe8 13. e4 dxe4 14. Nxe4 Nxe4 15. Bxe4 Nf6 16. Bb1 Ba3 17. Qc2 Bxb2 18. Qxb2 c5 19. d5 Qd6 20. dxe6 Rxe6 21. Ne5 Rce8 22. f4 Rd8 23. Qf2 Qd2 24. g3 Qxf2+ 25. Kxf2 Rd2+ 26. Re2 Ng4+ 27. Ke1 Rxe2+ 28. Kxe2 Nxe5 29. fxe5 Rxe5+ 30. Kf2 Kf8 31. Rd1 Ke7 32. h4 h6 33. g4 g6 34. Kg3 Re3+ 35. Kf2 Rf3+ 0-1

[Event "Mittelfrank Regionalliga Sud-West 2122"]
[Site "Mittelfranken"]
[Date "2022.05.08"]
[Round "8.2"]
[White "Stadler, Andreas"]
[Black "Josch, Sylvio"]
[Result "1/2-1/2"]
[WhiteElo "2038"]
[BlackElo "2154"]
[PlyCount "66"]
[EventDate "2021.10.24"]
[EventType "team-tourn"]
[EventRounds "9"]
[EventCountry "GER"]
[SourceTitle "EXT 2024"]
[Source "ChessBase"]
[SourceDate "2023.10.10"]
[SourceVersion "1"]
[SourceVersionDate "2023.10.10"]
[SourceQuality "1"]
[WhiteTeam "Muenchen Suedost II"]
[BlackTeam "Altstadt Roter Turm"]
[WhiteTeamCountry "GER"]
[BlackTeamCountry "GER"]

1. e4 Nc6 2. Bc4 Nf6 3. d4 e5 4. Nf3 exd4 5. e5 d5 6. Bb5 Ne4 7. Nxd4 Bd7 8. Nxc6 bxc6 9. Bd3 Qh4 10. Be3 Bg4 11. Be2 Bxe2 12. Qxe2 Bc5 13. 0-0 Qe7 14. Nd2 Nxd2 15. Qxd2 Bb6 16. f4 0-0 17. Rae1 f6 18. a3 fxe5 19. Bxb6 cxb6 20. Rxe5 Qc5+ 21. Kh1 Rae8 22. Rfe1 Rxe5 23. Rxe5 Qb5 24. Qe1 Qxb2 25. Re8 Qf6 26. g3 Kf7 27. Re5 h6 28. g4 Kg8 29. f5 Qg5 30. Re8 Rxe8 31. Qxe8+ Kh7 32. Qxc6 d4 33. Qe4 Kh8 1/2-1/2

[Event "DSOL 05 Liga Gr-A 1st"]
[Site "Playchess.com INT"]
[Date "2020.08.07"]
[Round "7.1"]
[White "Stadler, Andreas"]
[Black "Gruenert, Thomas"]
[Result "0-1"]
[WhiteElo "2031"]
[BlackElo "1707"]
[PlyCount "58"]
[EventDate "2020.06.22"]
[EventType "team-tourn (rapid)"]
[EventCountry "GER"]
[SourceTitle "EXT 2021"]
[Source "ChessBase"]
[SourceDate "2020.10.23"]
[SourceVersion "1"]
[SourceVersionDate "2020.10.23"]
[SourceQuality "1"]
[WhiteTeam "Muenchen Suedost"]
[BlackTeam "Illingen"]
[WhiteTeamCountry "GER"]
[BlackTeamCountry "GER"]

1. c4 e5 2. g3 f5 3. Bg2 Nf6 4. Nc3 c6 5. d4 e4 6. d5 Bb4 7. Bd2 Na6 8. Nh3 0-0 9. 0-0 Bd6 10. a3 Be5 11. Bf4 d6 12. Rc1 h6 13. b4 Bxc3 14. Rxc3 cxd5 15. cxd5 Nc7 16. Bc1 Nfxd5 17. Rc2 Be6 18. Bb2 a5 19. Qd4 Rf7 20. Rfc1 axb4 21. axb4 Ra4 22. Nf4 Nxf4 23. gxf4 Nd5 24. Bc3 Nxf4 25. e3 Nd3 26. Ra1 Rxa1+ 27. Bxa1 Qg5 28. Qxd6 Ne1 29. f4 exf3 0-1

[Event "Oberliga Bayern 1920"]
[Site "Bayern"]
[Date "2019.11.24"]
[Round "3.6"]
[White "Willim, Michael"]
[Black "Stadler, Andreas"]
[Result "1-0"]
[WhiteElo "2004"]
[BlackElo "2049"]
[PlyCount "133"]
[EventDate "2019.10.20"]
[EventType "team-tourn"]
[EventRounds "9"]
[EventCountry "GER"]
[SourceTitle "EXT 2021"]
[Source "ChessBase"]
[SourceDate "2020.10.23"]
[SourceVersion "1"]
[SourceVersionDate "2020.10.23"]
[SourceQuality "1"]
[WhiteTeam "Erlangen SC"]
[BlackTeam "Muenchen Suedost"]
[WhiteTeamCountry "GER"]
[BlackTeamCountry "GER"]

1. c4 e5 2. Nc3 Nf6 3. Nf3 Nc6 4. d4 exd4 5. Nxd4 Bc5 6. Nxc6 bxc6 7. g3 0-0 8. Bg2 Bb7 9. 0-0 Re8 10. Qc2 Rb8 11. Rd1 a6 12. Qf5 d6 13. Bg5 Qd7 14. Qf3 Ng4 15. Bh3 Bc8 16. Na4 Ba7 17. c5 d5 18. Bg2 Rb4 19. b3 Qe6 20. h3 Ne5 21. Qc3 Rb5 22. Rac1 Nd7 23. Be3 Nf6 24. Bd4 Ne4 25. Qb2 f6 26. e3 Ng5 27. h4 Nf7 28. Bf1 Rb8 29. Nc3 Ne5 30. Bg2 Qg4 31. Qe2 Qg6 32. Qc2 Bf5 33. e4 Bg4 34. Ne2 Nf3+ 35. Kf1 Rxe4 36. Nf4 Qe8 37. Qc3 Nxd4 38. Rxd4 Re7 39. Ra4 Rb5 40. b4 Bc8 41. Kg1 Kh8 42. Bf1 Re5 43. Nd3 Re4 44. Re1 Kg8 45. Rxe4 Qxe4 46. Qe1 Qg6 47. Qe7 Qf7 48. Qd8+ Qf8 49. Qxf8+ Kxf8 50. Nf4 Kf7 51. Nxd5 Bxc5 52. bxc5 Rxc5 53. Nxc7 Rc1 54. Kg2 c5 55. Bxa6 Bd7 56. Bc4+ Ke7 57. Bb5 Bf5 58. Rc4 Rxc4 59. Bxc4 Kd7 60. Nd5 Kd6 61. Kf3 Be6 62. Ne3 Bd7 63. Ke4 g6 64. f4 Bc6+ 65. Kd3 Bf3 66. a4 h6 67. a5 1-0

[Event "Schweinfurt op 29th"]
[Site "Schweinfurt"]
[Date "2019.06.23"]
[Round "7"]
[White "Maar, Samuel"]
[Black "Stadler, Andreas"]
[Result "1-0"]
[WhiteElo "1966"]
[BlackElo "2025"]
[PlyCount "37"]
[EventDate "2019.06.20"]
[EventType "swiss"]
[EventRounds "7"]
[EventCountry "GER"]
[SourceTitle "CBM 191 Extra"]
[Source "ChessBase"]
[SourceDate "2019.09.30"]
[SourceVersion "1"]
[SourceVersionDate "2019.09.30"]
[SourceQuality "1"]

1. e4 e6 2. d4 d5 3. Nd2 dxe4 4. Nxe4 Nd7 5. Nf3 Ngf6 6. Bd3 Be7 7. 0-0 0-0 8. Qe2 c5 9. Rd1 Qc7 10. Bg5 Re8 11. dxc5 Bxc5 12. Bxf6 Nxf6 13. Nxf6+ gxf6 14. Bb5 Rf8 15. Rd3 f5 16. Rad1 a6 17. Ng5 h6 18. Qh5 Kg7 19. Rh3 1-0

[Event "Regionalliga SW 1617"]
[Site "Bayern"]
[Date "2016.11.20"]
[Round "2.3"]
[White "Ciaffone, Daniel"]
[Black "Stadler, Andreas"]
[Result "0-1"]
[WhiteElo "2095"]
[BlackElo "1962"]
[PlyCount "34"]
[EventDate "2016.10.16"]
[EventType "team-tourn"]
[EventRounds "9"]
[EventCountry "GER"]
[SourceTitle "EXT 2019"]
[Source "ChessBase"]
[SourceDate "2018.10.10"]
[SourceVersion "1"]
[SourceVersionDate "2018.10.10"]
[SourceQuality "1"]
[WhiteTeam "Bayern Muenchen III"]
[BlackTeam "Muenchen Suedost II"]
[WhiteTeamCountry "GER"]
[BlackTeamCountry "GER"]

1. e4 e6 2. d4 d5 3. Nc3 Bb4 4. e5 c5 5. a3 Bxc3+ 6. bxc3 Ne7 7. Qg4 Qc7 8. Qxg7 Rg8 9. Qxh7 cxd4 10. Ne2 Nbc6 11. Bf4 dxc3 12. Nxc3 Nxe5 13. Nb5 Nf3+ 14. gxf3 Qxf4 15. Bd3 a6 16. Nc3 Qd4 17. Kd2 Rh8 0-1

[Event "Bayernliga U20 1415"]
[Site "Bayern"]
[Date "2015.03.21"]
[Round "6.3"]
[White "Stephan, Michael"]
[Black "Stadler, Andreas"]
[Result "0-1"]
[WhiteElo "1991"]
[BlackElo "2030"]
[PlyCount "62"]
[EventDate "2014.11.15"]
[EventType "team-tourn"]
[EventRounds "7"]
[EventCountry "GER"]
[SourceTitle "EXT 2022"]
[Source "ChessBase"]
[SourceDate "2021.10.06"]
[SourceVersion "1"]
[SourceVersionDate "2021.10.06"]
[SourceQuality "1"]
[WhiteTeam "Forchheim SC U20"]
[BlackTeam "Muenchen Suedost SK U20"]
[WhiteTeamCountry "GER"]
[BlackTeamCountry "GER"]

1. e4 e6 2. d4 d5 3. Nc3 Bb4 4. e5 c5 5. a3 Bxc3+ 6. bxc3 Ne7 7. Qg4 Qc7 8. Bd3 cxd4 9. Ne2 dxc3 10. Bg5 Nbc6 11. f4 Bd7 12. 0-0 Ng6 13. Qh5 Nce7 14. Rf3 0-0-0 15. Bxe7 Nxe7 16. Qxf7 Nc6 17. Qxg7 Rdg8 18. Qh6 Ne7 19. Rb1 Qc5+ 20. Kh1 Nc6 21. Bb5 Rg6 22. Qh3 d4 23. Rd3 Rhg8 24. g3 a6 25. Ba4 Qxa3 26. Rxd4 Nxd4 27. Bxd7+ Kxd7 28. Rxb7+ Kc6 29. Qxh7 R8g7 30. Nxd4+ Kxb7 31. Qh3 Qc1+ 0-1

[Event "Bayernliga U20 1415"]
[Site "Bayern"]
[Date "2014.12.13"]
[Round "3.2"]
[White "Stadler, Andreas"]
[Black "Dechant, Georg"]
[Result "1-0"]
[WhiteElo "2030"]
[BlackElo "1919"]
[PlyCount "75"]
[EventDate "2014.11.15"]
[EventType "team-tourn"]
[EventRounds "7"]
[EventCountry "GER"]
[SourceTitle "EXT 2022"]
[Source "ChessBase"]
[SourceDate "2021.10.06"]
[SourceVersion "1"]
[SourceVersionDate "2021.10.06"]
[SourceQuality "1"]
[WhiteTeam "Muenchen Suedost SK U20"]
[BlackTeam "Regensburg Bavaria U20"]
[WhiteTeamCountry "GER"]
[BlackTeamCountry "GER"]

1. e4 c5 2. c4 Nc6 3. Nc3 g6 4. g3 Bg7 5. Bg2 d6 6. Nge2 e6 7. 0-0 Nge7 8. d3 0-0 9. Be3 b6 10. Qd2 Ba6 11. Bh6 Rc8 12. Bxg7 Kxg7 13. a3 f5 14. b4 Bb7 15. Nf4 Qd7 16. Rfe1 Nd4 17. Rab1 Rce8 18. Nce2 Nec6 19. b5 Nxe2+ 20. Nxe2 Ne7 21. a4 d5 22. exd5 exd5 23. Nf4 Kg8 24. cxd5 Rf7 25. d4 Rc8 26. Rbc1 c4 27. Re5 h6 28. d6 Bxg2 29. dxe7 Ba8 30. Nxg6 Kg7 31. Rce1 c3 32. Qf4 Be4 33. Nh4 Re8 34. Qe3 Rexe7 35. Rxe7 Rxe7 36. f3 c2 37. Rc1 Bxf3 38. Qxe7+ 1-0

[Event "Bayernliga U20 1314"]
[Site "Bayern"]
[Date "2014.02.15"]
[Round "7.3"]
[White "Moenius, Alexander"]
[Black "Stadler, Andreas"]
[Result "1-0"]
[WhiteElo "1850"]
[BlackElo "2030"]
[PlyCount "67"]
[EventDate "2013.11.16"]
[EventType "team-tourn"]
[EventRounds "7"]
[EventCountry "GER"]
[SourceTitle "EXT 2022"]
[Source "ChessBase"]
[SourceDate "2021.10.06"]
[SourceVersion "1"]
[SourceVersionDate "2021.10.06"]
[SourceQuality "1"]
[WhiteTeam "Hoechstadt SC U20"]
[BlackTeam "Muenchen Suedost SK U20"]
[WhiteTeamCountry "GER"]
[BlackTeamCountry "GER"]

1. d4 e6 2. c4 d5 3. Nc3 c6 4. e3 Bd6 5. Nf3 f5 6. Ne5 Nf6 7. f4 0-0 8. Be2 Bd7 9. 0-0 Be8 10. a4 Nbd7 11. b3 Qe7 12. c5 Bc7 13. b4 Ne4 14. Bd2 Rf6 15. b5 Nxe5 16. Nxe4 fxe4 17. fxe5 Rh6 18. Rb1 cxb5 19. axb5 Qh4 20. h3 Rg6 21. Bg4 Qd8 22. Rf2 Bd7 23. Qf1 Ba5 24. Bxa5 Qxa5 25. Bh5 Qc3 26. Bxg6 hxg6 27. Qe2 a5 28. Qd2 Qc4 29. Qc2 Qxc2 30. Rxc2 a4 31. c6 Bc8 32. cxb7 Bxb7 33. Rc7 Rb8 34. Ra1 1-0

[Event "Bayernliga U20 1314"]
[Site "Bayern"]
[Date "2013.11.30"]
[Round "2.2"]
[White "Stadler, Andreas"]
[Black "Wenninger, Philipp"]
[Result "0-1"]
[WhiteElo "2030"]
[BlackElo "2332"]
[PlyCount "82"]
[EventDate "2013.11.16"]
[EventType "team-tourn"]
[EventRounds "7"]
[EventCountry "GER"]
[SourceTitle "EXT 2022"]
[Source "ChessBase"]
[SourceDate "2021.10.06"]
[SourceVersion "1"]
[SourceVersionDate "2021.10.06"]
[SourceQuality "1"]
[WhiteTeam "Muenchen Suedost SK U20"]
[BlackTeam "Erlangen SC U20"]
[WhiteTeamCountry "GER"]
[BlackTeamCountry "GER"]

1. e4 c6 2. d4 d5 3. exd5 cxd5 4. Bd3 Nc6 5. c3 Qc7 6. Ne2 Bg4 7. f3 Bh5 8. Bf4 Qd7 9. 0-0 e6 10. Nd2 Bd6 11. Bg3 Nge7 12. f4 Bg6 13. Nf3 Nf5 14. Qd2 Qc7 15. Ne5 a6 16. Rac1 0-0 17. Be1 Nfe7 18. Ng3 Rac8 19. h3 Nxd4 20. Bf2 Ndc6 21. Nxc6 Nxc6 22. Be3 Ne7 23. Bxg6 Nxg6 24. Ne2 Ne7 25. Nd4 Qd7 26. Rf2 Bc5 27. Rcf1 Bxd4 28. Bxd4 Nf5 29. g4 Ng3 30. f5 exf5 31. gxf5 Nxf1 32. Kxf1 f6 33. h4 Qf7 34. Qf4 Rfe8 35. Qg3 Re4 36. Rg2 Rce8 37. Kg1 Re1+ 38. Kh2 R1e2 39. Kg1 Rxg2+ 40. Qxg2 Re4 41. Qg3 Qh5 0-1

[Event "Oberliga Bayern 1314"]
[Site "Bayern"]
[Date "2013.11.24"]
[Round "3.8"]
[White "Werner, Claus"]
[Black "Stadler, Andreas"]
[Result "1-0"]
[WhiteElo "2204"]
[BlackElo "1924"]
[PlyCount "127"]
[EventDate "2013.10.13"]
[EventType "team-tourn"]
[EventRounds "9"]
[EventCountry "GER"]
[SourceTitle "EXT 2015"]
[Source "ChessBase"]
[SourceDate "2014.11.20"]
[SourceVersion "1"]
[SourceVersionDate "2014.11.20"]
[SourceQuality "1"]
[WhiteTeam "Neutraubling Wacker"]
[BlackTeam "Muenchen Suedost"]
[WhiteTeamCountry "GER"]
[BlackTeamCountry "GER"]

1. e4 e6 2. d4 d5 3. Nc3 Bb4 4. e5 c5 5. a3 Bxc3+ 6. bxc3 Ne7 7. Nf3 Nbc6 8. Be2 Bd7 9. 0-0 0-0 10. Re1 c4 11. Rb1 b6 12. Bf1 Nf5 13. g3 f6 14. Bh3 fxe5 15. Nxe5 Nxe5 16. Rxe5 Nd6 17. f3 Qf6 18. Kg2 h6 19. Bg4 Rae8 20. Re1 Nf7 21. h4 Nd6 22. h5 Rf7 23. Ra1 Nf5 24. Bf4 Qd8 25. Qd2 Ref8 26. Be5 Bc8 27. Re2 Kh7 28. Rae1 a6 29. Rh1 b5 30. f4 Nd6 31. Bxd6 Qxd6 32. Rhe1 Qxa3 33. Bxe6 Bxe6 34. Rxe6 Rf6 35. R6e5 Qd6 36. Qe2 a5 37. Qf3 Rd8 38. Qg4 Rdf8 39. Re7 R8f7 40. R1e6 Rxe7 41. Qg6+ Rxg6 42. hxg6+ Kg8 43. Rxd6 Kf8 44. Kf3 a4 45. Rxd5 Rb7 46. Rd8+ Ke7 47. Ra8 Kd6 48. f5 Re7 49. Ra6+ Kc7 50. f6 gxf6 51. Ra7+ Kd6 52. g7 Re8 53. Kf4 Ke6 54. d5+ Kxd5 55. Kf5 Re5+ 56. Kxf6 Rg5 57. Ra8 Rxg3 58. g8Q+ Rxg8 59. Rxg8 Kc5 60. Ke5 h5 61. Rc8+ Kb6 62. Kd5 h4 63. Rh8 a3 64. Ra8 1-0

[Event "Landesliga Sued 1213 U20"]
[Site "Bayern"]
[Date "2013.03.02"]
[Round "7.1"]
[White "Stadler, Andreas"]
[Black "Gruber, Roland"]
[Result "0-1"]
[WhiteElo "1857"]
[BlackElo "2104"]
[PlyCount "92"]
[EventDate "2012.10.20"]
[EventType "team-tourn"]
[EventRounds "7"]
[EventCountry "GER"]
[SourceTitle "EXT 2020"]
[Source "ChessBase"]
[SourceDate "2019.10.17"]
[SourceVersion "1"]
[SourceVersionDate "2019.10.17"]
[SourceQuality "1"]
[WhiteTeam "Muenchen Suedost U20 II"]
[BlackTeam "Schaibing U20"]
[WhiteTeamCountry "GER"]
[BlackTeamCountry "GER"]

1. e4 g6 2. c4 Bg7 3. Nc3 d6 4. g3 Nc6 5. Bg2 e5 6. Nge2 Nge7 7. 0-0 0-0 8. d3 f5 9. Nd5 Be6 10. Be3 Qd7 11. Qd2 Rf7 12. Rab1 Raf8 13. b4 Kh8 14. b5 Nd8 15. Nxe7 Rxe7 16. Bg5 Ref7 17. Bxd8 Qxd8 18. exf5 gxf5 19. f4 b6 20. Qb4 Qf6 21. Rbd1 Re8 22. Kh1 h5 23. Qd2 e4 24. dxe4 Bxc4 25. a4 fxe4 26. Rfe1 d5 27. Qe3 Bf8 28. Nd4 Bc5 29. Bf3 Rh7 30. Bg2 Rf8 31. Bf1 Bxf1 32. Rxf1 Qg6 33. Qc3 Qf6 34. Ne2 Rd7 35. Qxf6+ Rxf6 36. Nd4 Bxd4 37. Rxd4 Kg7 38. Rfd1 Rfd6 39. Kg2 Kf6 40. Re1 Kf5 41. h3 h4 42. Rf1 hxg3 43. Kxg3 Rg6+ 44. Kh2 e3 45. Re1 Re6 46. Kg3 Re4 0-1

[Event "GER-ch Net qual3 U18"]
[Site "Playchess.com INT"]
[Date "2012.09.08"]
[Round "7"]
[White "Stadler, Andreas"]
[Black "Hartewig, Anja"]
[Result "1-0"]
[WhiteElo "1770"]
[BlackElo "1546"]
[PlyCount "63"]
[EventDate "2012.09.08"]
[EventType "swiss (blitz)"]
[EventRounds "7"]
[EventCountry "GER"]
[SourceTitle "CBM 150 Extra"]
[Source "ChessBase"]
[SourceDate "2012.10.19"]
[SourceVersion "1"]
[SourceVersionDate "2012.10.19"]
[SourceQuality "1"]

1. e4 d6 2. d4 Nf6 3. Nc3 g6 4. Be3 c6 5. Bd3 Bg7 6. Qd2 b5 7. a3 Nbd7 8. Nf3 Bb7 9. h3 a6 10. Bh6 Bxh6 11. Qxh6 Qb6 12. 0-0 0-0-0 13. a4 b4 14. a5 Qa7 15. Na4 c5 16. e5 Nd5 17. exd6 exd6 18. dxc5 Nxc5 19. Nxc5 dxc5 20. Qh4 Nc7 21. Ne5 Rdf8 22. Qc4 Ne6 23. Nxf7 Rhg8 24. Qxe6+ Kb8 25. Nd6 Bc6 26. Nc4 Bd7 27. Qb6+ Qxb6 28. Nxb6 Bb5 29. Bxb5 axb5 30. Nd7+ Ka7 31. Nxf8 Rxf8 32. Rfe1 1-0

[Event "Bayernliga U20 1112"]
[Site "Bayern"]
[Date "2012.03.10"]
[Round "7.5"]
[White "Gutheil, Georg"]
[Black "Stadler, Andreas"]
[Result "0-1"]
[WhiteElo "1088"]
[BlackElo "1782"]
[PlyCount "102"]
[EventDate "2011.11.12"]
[EventType "team-swiss"]
[EventRounds "7"]
[EventCountry "GER"]
[SourceTitle "EXT 2022"]
[Source "ChessBase"]
[SourceDate "2021.10.06"]
[SourceVersion "1"]
[SourceVersionDate "2021.10.06"]
[SourceQuality "1"]
[WhiteTeam "Lauf SV U20"]
[BlackTeam "Muenchen Suedost SK U20"]
[WhiteTeamCountry "GER"]
[BlackTeamCountry "GER"]

1. d4 Nf6 2. Nf3 g6 3. Nc3 Bg7 4. Bf4 d6 5. e3 0-0 6. Bc4 Nbd7 7. 0-0 c5 8. Qe2 a6 9. a4 h6 10. Rfd1 Nh5 11. Nd5 Nxf4 12. Nxf4 cxd4 13. exd4 Kh7 14. Re1 Nb6 15. Bd5 Nxd5 16. Nxd5 e6 17. Nc3 Bd7 18. Ne4 Bc6 19. c4 d5 20. cxd5 Bxd5 21. Qd3 Rc8 22. Rac1 Bxe4 23. Qxe4 Rxc1 24. Rxc1 Qd7 25. Rc4 Rc8 26. Rxc8 Qxc8 27. Qe1 Qc2 28. Qa1 Qd3 29. b4 f6 30. a5 e5 31. dxe5 fxe5 32. h3 e4 33. Ne5 Qd5 34. g3 Bxe5 35. Qc1 Bg7 36. Qe3 Qd4 37. Qb3 Qc3 38. Qa4 Qa1+ 39. Qxa1 Bxa1 40. Kg2 Bc3 41. g4 Bxb4 42. Kg3 Bxa5 43. Kf4 Be1 44. Kxe4 Bxf2 45. Kd3 b5 46. Kc2 a5 47. Kb3 a4+ 48. Ka2 b4 49. Kb2 Bd4+ 50. Ka2 b3+ 51. Kb1 a3 0-1

[Event "Bayernliga U20 1011"]
[Site "Bayern"]
[Date "2011.01.22"]
[Round "4.4"]
[White "Kellner, Christian"]
[Black "Stadler, Andreas"]
[Result "0-1"]
[WhiteElo "1478"]
[BlackElo "1747"]
[PlyCount "94"]
[EventDate "2010.10.16"]
[EventType "team-tourn"]
[EventRounds "7"]
[EventCountry "GER"]
[SourceTitle "EXT 2022"]
[Source "ChessBase"]
[SourceDate "2021.10.06"]
[SourceVersion "1"]
[SourceVersionDate "2021.10.06"]
[SourceQuality "1"]
[WhiteTeam "Kelheim SK U20"]
[BlackTeam "Muenchen Suedost SK U20"]
[WhiteTeamCountry "GER"]
[BlackTeamCountry "GER"]

1. e4 e6 2. d4 d5 3. exd5 exd5 4. c4 Bb4+ 5. Nc3 Qe7+ 6. Be3 Nf6 7. a3 Bxc3+ 8. bxc3 0-0 9. h3 Re8 10. Bd3 dxc4 11. Bxc4 Ne4 12. Ne2 Nd6 13. Bd3 Nc6 14. Qc2 h6 15. 0-0 Qf6 16. Ng3 Ne7 17. Rab1 b6 18. Bd2 Bf5 19. Nxf5 Nexf5 20. Rfe1 Nh4 21. Rxe8+ Rxe8 22. Re1 Rxe1+ 23. Bxe1 Qg5 24. g3 Nf3+ 25. Kf1 Nxe1 26. Kxe1 Qa5 27. Qb2 c5 28. dxc5 Qxc5 29. Qb4 Qe5+ 30. Kf1 g6 31. Qd4 Qxd4 32. cxd4 Kf8 33. a4 Ke7 34. Ke2 Ke6 35. Ke3 Nf5+ 36. Ke4 Nd6+ 37. Ke3 Kd5 38. Ba6 Nf5+ 39. Kd3 Nd6 40. g4 f6 41. f3 Kc6 42. Bc4 Nxc4 43. Kxc4 a6 44. d5+ Kd6 45. f4 b5+ 46. axb5 axb5+ 47. Kxb5 Kxd5 0-1

[Event "GER-ch Net qual3 U14"]
[Site "Playchess.com INT"]
[Date "2009.05.17"]
[Round "7"]
[White "Engesser, Jonas"]
[Black "Stadler, Andreas"]
[Result "1-0"]
[WhiteElo "1408"]
[BlackElo "1544"]
[PlyCount "165"]
[EventDate "2009.05.17"]
[EventType "swiss (blitz)"]
[EventRounds "7"]
[EventCountry "GER"]
[SourceTitle "CBM 130 Extra"]
[Source "ChessBase"]
[SourceDate "2009.07.02"]
[SourceVersion "2"]
[SourceVersionDate "2009.07.15"]
[SourceQuality "1"]

1. e4 e6 2. d4 d5 3. exd5 exd5 4. Nf3 Bd6 5. Bd3 Ne7 6. c4 dxc4 7. Bxc4 0-0 8. Nc3 Nbc6 9. 0-0 Bg4 10. Be3 Ng6 11. h3 Bh5 12. Re1 Qd7 13. Bb5 a6 14. Ba4 b5 15. Bb3 Na5 16. Bc2 Qc6 17. Be4 Qd7 18. Bxa8 Rxa8 19. g4 Bxg4 20. hxg4 Qxg4+ 21. Kf1 Nc4 22. Nd2 Nxe3+ 23. Rxe3 Qh4 24. Ke2 Qg4+ 25. Kd3 Qf5+ 26. Nce4 Nf4+ 27. Kc2 Nd5 28. Rf3 Qg6 29. Qg1 Qe6 30. Nxd6 cxd6 31. a3 Rc8+ 32. Kd1 Nf6 33. Qe1 Qd7 34. Qg1 Qe7 35. Qe1 Qc7 36. Ke2 Re8+ 37. Re3 Rxe3+ 38. fxe3 Qe7 39. Rc1 h6 40. Rc8+ Kh7 41. Qb1+ g6 42. Qc2 Ng4 43. Qd3 Nf6 44. Qc3 Ne4 45. Qc7 Ng3+ 46. Kd3 Qe6 47. Qc3 Qf5+ 48. e4 Qg4 49. Kc2 Nf1 50. Qf3 Qxf3 51. Nxf3 Ne3+ 52. Kd3 Ng4 53. Rc7 Nf6 54. Ra7 Kg7 55. Rxa6 Ng4 56. Rb6 Nf2+ 57. Ke3 Ng4+ 58. Ke2 h5 59. Rxb5 Nf6 60. e5 dxe5 61. dxe5 Ne4 62. a4 h4 63. Kd3 h3 64. Kxe4 h2 65. Nxh2 Kh6 66. a5 Kg5 67. a6 Kh4 68. a7 Kg3 69. a8Q Kxh2 70. Qh8+ Kg3 71. Kd5 f5 72. exf6 g5 73. Rb3+ Kg4 74. Qh1 Kf5 75. Rb4 Kg6 76. Qh2 Kf7 77. Qh3 Kg6 78. Qg4 Kf7 79. Qxg5 Kf8 80. Rc4 Ke8 81. Rc7 Kd8 82. Rh7 Kc8 83. Qg8# 1-0